Riconosci il Pokémon - Quiz n°190 - Statistics

Statistiche generali
  • Questo quiz è stato fatto 2 volte
  • Il punteggio medio è 8 su 10
Statistiche sulle risposte
Indizio Risposta % Corretto
Altezza 1,2 m
100%
Peso 24,0 kg
100%
Sesso 50% ♂, 50% ♀
100%
Tipo Acqua
100%
Abilità Nuotovelox; Acquascolo; Idrovelo
100%
Stadio evoluzione Prima evoluzione
100%
Generazione Quarta
100%
Tasso di cattura 75 (17.5%)
50%
Tasso di allevamento Irregolare
50%
Pokémon Lumineon
0%
Nessun quiz corrispondente trovato
Distribuzione punteggi
Percentuale di utenti per punteggio
Percentile per numero di risposta
I tuoi punteggi nel tempo
Non hai fatto questo quiz